000 00683nam a2200217Ii 4500
003 JO-AjNU
008 230606s9999||||xx |||||||||||||| ||und||
020 _a978-1-903436-96-7(hbk) , 978-1-903436-97-4(pbk)
040 _aJO-AjNU
_beng
_erda
_cJO-AjNU
041 _aeng
050 1 4 _aPR2834 2008
100 3 _aShakespear, William , Thomas Middleton , Edited by DAWSON,ANTHONY B , GRETCHEN E, MINTON,
_eauthor
_92816
245 0 0 _aTIMON OF ATHENS
250 _a1 ed
264 3 1 _aCENGAGE Learning, 2008
300 _a450P
336 _atext
_btxt
_2rdacontent
337 _aunmediated
_bn
_2rdamedia
338 _avolume
_bnc
_2rdacarrier
650 4 _aShakespeare, William
_92817
999 _aE1476
_c1476
_d1476